000 00701nam a2200229 a 4500
001 48952
003 BD-RjUL
005 20211209054619.0
008 160817r19641958enk 001 0 eng d
035 _a(BD-RjUL) 49071
040 _aBD-RjUL
_beng
_cBD-RjUL
_dBD-RjUL
041 _aeng
082 _223
_a370.19505
_bHAC 1964
100 1 0 _aHans, Nicholas A
_9147398
245 1 0 _aComparative education :
_ba study of educational factors and traditions /
_cby Nicholas Hans
250 _a3rd. ed.
260 _aLondon :
_bRoutledge & Kegan Paul,
_c1958 [reprinted 1964]
300 _ax, 334 p. ;
_c22 cm
504 _aIncludes bibliography and index
650 0 _aEducation
_9147399
942 _2ddc
_cBK
999 _c48952
_d48952